<?xml version="1.0" encoding="UTF-8"?>
<record
    xmlns:xsi="http://www.w3.org/2001/XMLSchema-instance"
    xsi:schemaLocation="http://www.loc.gov/MARC21/slim http://www.loc.gov/standards/marcxml/schema/MARC21slim.xsd"
    xmlns="http://www.loc.gov/MARC21/slim">

  <leader>02820nam a2200325 a 4500</leader>
  <controlfield tag="001">1150</controlfield>
  <controlfield tag="003">gtuscu</controlfield>
  <controlfield tag="005">20260319160016.0</controlfield>
  <controlfield tag="007">ta</controlfield>
  <controlfield tag="008">250818e2012    gt ad||| |||| 001 0 spa d</controlfield>
  <datafield tag="020" ind1=" " ind2=" ">
    <subfield code="a">97899922732</subfield>
    <subfield code="c">disponible</subfield>
  </datafield>
  <datafield tag="040" ind1=" " ind2=" ">
    <subfield code="a">gtuscu</subfield>
    <subfield code="b">spa</subfield>
    <subfield code="c">gtuscu</subfield>
    <subfield code="d">gtuscu</subfield>
    <subfield code="e">rda</subfield>
  </datafield>
  <datafield tag="082" ind1="0" ind2="4">
    <subfield code="a">CEUR 352.15 G393</subfield>
  </datafield>
  <datafield tag="245" ind1="1" ind2=" ">
    <subfield code="a">Gesti&#xF3;n metropolitana :</subfield>
    <subfield code="b">un acercamiento a las problem&#xE1;ticas municipales de la nueva Guatemala de la Asunci&#xF3;n, Quetzaltenango y la Antigua Guatemala /</subfield>
    <subfield code="c">editores Mar&#xED;a del Carmen Mu&#xF1;oz Paz y Luis Rafael  Valladares Vielman.</subfield>
  </datafield>
  <datafield tag="264" ind1="1" ind2=" ">
    <subfield code="a">Guatemala :</subfield>
    <subfield code="b">Universidad de San Carlos de Guatemala,</subfield>
    <subfield code="c">2012.</subfield>
  </datafield>
  <datafield tag="300" ind1=" " ind2=" ">
    <subfield code="a">236 p&#xE1;ginas : </subfield>
    <subfield code="b">ilustraciones algunas a color ;</subfield>
    <subfield code="c">21 cm </subfield>
  </datafield>
  <datafield tag="336" ind1=" " ind2=" ">
    <subfield code="2">rdacontenido</subfield>
    <subfield code="a">texto</subfield>
    <subfield code="b">txt</subfield>
  </datafield>
  <datafield tag="337" ind1=" " ind2=" ">
    <subfield code="2">rdamedio</subfield>
    <subfield code="a">sin mediaci&#xF3;n</subfield>
    <subfield code="b">n</subfield>
  </datafield>
  <datafield tag="338" ind1=" " ind2=" ">
    <subfield code="2">rdasoporte</subfield>
    <subfield code="a">volumen</subfield>
    <subfield code="b">nc</subfield>
  </datafield>
  <datafield tag="490" ind1=" " ind2=" ">
    <subfield code="a">Territorio y Regionalizaci&#xF3;n en Guatemala ;</subfield>
    <subfield code="v">volumen VIII</subfield>
  </datafield>
  <datafield tag="500" ind1=" " ind2=" ">
    <subfield code="a">Elaborado por el cuerpo T&#xE9;cnico del CEUR-USAC</subfield>
  </datafield>
  <datafield tag="500" ind1=" " ind2=" ">
    <subfield code="a">Contiene &#xCD;ndice de autores</subfield>
  </datafield>
  <datafield tag="520" ind1="3" ind2=" ">
    <subfield code="a">El presente texto tiene el prop&#xF3;sito de caracterizar, brevemente, algunos de los cambios que en las &#xFA;ltimas tres d&#xE9;cadas se han venido produciendo en la Nueva Guatemala de la Asunci&#xF3;n, Quetzaltenango y La Antigua Guatemala, en la l&#xF3;gica que el ordenamiento territorial conlleva el conocimiento de la relaci&#xF3;n que existe entre: lo demogr&#xE1;fico, el soporte f&#xED;sico, las actividades y la gesti&#xF3;n.
Esta investigaci&#xF3;n ha sido realizada para uso de la poblaci&#xF3;n en general, en el entendido de que todos debemos conocer cual es la din&#xE1;mica del crecimiento de la poblaci&#xF3;n, la calidad de vida, la exclusi&#xF3;n social, la explotaci&#xF3;n de recursos, la degradaci&#xF3;n ambiental, la participaci&#xF3;n social, este conocimiento permitir&#xE1; una mejor planificaci&#xF3;n y regulaci&#xF3;n, para poder presentar opciones de soluci&#xF3;n a los distintos problemas; pero, adem&#xE1;s tener el conocimiento para ejercer una ciudadan&#xED;a plena.
Se considera que este libro constituye un aporte cient&#xED;fico al estudio general de los problemas urbanos que enfrentan los municipios de Guatemala, Antigua Guatemala y Quetzaltenango, tom&#xE1;ndose en cuenta que cada uno de ellos, a partir de su crecimiento y su din&#xE1;mica, han constituido &#xE1;reas metropolitanas, y en tanto que tales el estudio resalta la urgencia de que las planificaciones que se pretendan ejecutar, se realicen en el marco de una perspectiva metropolitana</subfield>
  </datafield>
  <datafield tag="650" ind1="1" ind2="4">
    <subfield code="2">LEMB</subfield>
    <subfield code="a">Administraci&#xF3;n municipal</subfield>
    <subfield code="z">Ciudad de Guatemala</subfield>
  </datafield>
  <datafield tag="650" ind1="1" ind2="4">
    <subfield code="2">LEMB</subfield>
    <subfield code="a">Administraci&#xF3;n municipal</subfield>
    <subfield code="z">Quetzaltenango</subfield>
  </datafield>
  <datafield tag="650" ind1="1" ind2="4">
    <subfield code="2">LEMB</subfield>
    <subfield code="a">Administraci&#xF3;n municipal</subfield>
    <subfield code="z">Antigua Guatemala</subfield>
  </datafield>
  <datafield tag="700" ind1="1" ind2=" ">
    <subfield code="a">Mu&#xF1;oz Paz, Mar&#xED;a del Carmen</subfield>
    <subfield code="d">1968- ;</subfield>
    <subfield code="e">editora</subfield>
    <subfield code="9">8</subfield>
  </datafield>
  <datafield tag="700" ind1="1" ind2=" ">
    <subfield code="a">Valladares Vielman, Luis Rafael</subfield>
    <subfield code="d">1970- ;</subfield>
    <subfield code="e">editor</subfield>
    <subfield code="9">1</subfield>
  </datafield>
  <datafield tag="942" ind1=" " ind2=" ">
    <subfield code="2">ddc</subfield>
    <subfield code="c">BK</subfield>
    <subfield code="h">CEUR 352.15 G393</subfield>
    <subfield code="n">0</subfield>
  </datafield>
  <datafield tag="999" ind1=" " ind2=" ">
    <subfield code="c">1150</subfield>
    <subfield code="d">1150</subfield>
  </datafield>
  <datafield tag="952" ind1=" " ind2=" ">
    <subfield code="0">0</subfield>
    <subfield code="1">0</subfield>
    <subfield code="2">ddc</subfield>
    <subfield code="4">0</subfield>
    <subfield code="7">0</subfield>
    <subfield code="8">gn</subfield>
    <subfield code="a">BICEUR</subfield>
    <subfield code="b">BICEUR</subfield>
    <subfield code="d">2018-09-26</subfield>
    <subfield code="e">Donaci&#xF3;n CEUR</subfield>
    <subfield code="i">16H-13637-2693/18</subfield>
    <subfield code="l">0</subfield>
    <subfield code="o">CEUR 352.15 G393</subfield>
    <subfield code="p">BFQS00052</subfield>
    <subfield code="r">2025-08-18 12:51:00</subfield>
    <subfield code="w">2025-08-18</subfield>
    <subfield code="y">BK</subfield>
    <subfield code="z">Disponible</subfield>
  </datafield>
</record>
